| 000 | 01447nam0a22003251 4500 | ||
|---|---|---|---|
| 001 | rc\3157621 | ||
| 005 | 20120615104832.1 | ||
| 021 |
_aRU _b77-11061 |
||
| 021 |
_aRU _bРг6696-77 |
||
| 035 | _a(NLR Aleph) 007300353 | ||
| 090 |
_a5703751 _c5703751 |
||
| 100 | _a20120615d1976 |||y0rusy50 ca | ||
| 101 | 0 | _arus | |
| 102 | _aRU | ||
| 105 | _aa z ||||| | ||
| 200 | 1 |
_aСовершенствование технологической схемы на ЦОФ "Чумаковская" _fЦНИИ экономики и науч.-техн. информации угольной пром-сти. ЦБНТИ МУП УССР |
|
| 210 |
_aМосква _cБ. и. _d1976 |
||
| 215 |
_a[2], 25 с. _cил. _d20 |
||
| 225 | 1 | _aЭкспресс-информация | |
| 300 | _aВ конце текста: Ф.Я. Демиденко, Ю.К. Гаркушин, А.И. Маслов [и др.] | ||
| 532 | 1 | 3 | _aСовершенствование технологической схемы на ЦОФ Чумаковская |
| 701 | 1 |
_aГаркушин _bЮ. К. |
|
| 701 | 1 |
_aДемиденко _bФ. Я. |
|
| 701 | 1 |
_aМаслов _bА. И. |
|
| 712 | 0 | 2 |
_aЦНИИ информации и технико-экономических исследований угольной промышленности _cМосква _3RU\NLR\AUTH\888204 |
| 801 | 0 |
_aRU _bNLR _gpsbo |
|
| 801 | 1 |
_aRU _bELAR _2rusmarc |
|
| 852 |
_aNLR _j77-4/13893 |
||
| 942 | _cBOOK | ||
| 980 | _aNB | ||